000 00272nam a2200121Ia 4500
008 190216s9999||||xx |||||||||||||| ||und||
100 _aFarooq Kahan
245 0 _aBusiness And Society
260 _bS Chand & Co
_c1985
300 _a206p
650 _aCommerce
942 _cBK
999 _c5440
_d5440